00000000nam 2200000za 4500
0019.856060
003CaOODSP
00520221107155442
007cr |||||||||||
008180502s2018    onca    o    f000 0 eng d
040 |aCaOODSP|beng
043 |an-cn---
0861 |aFC5-50/2018E-PDF
24500|aProgress report |h[electronic resource] : |bCanada’s national research plan on financial literacy 2016-2018.
24630|aCanada’s national research plan on financial literacy 2016-2018
260 |a[Ottawa] : |bFinancial Consumer Agency of Canada, |c2018.
300 |a38 p. : |bcol. ill.
500 |aIssued also in French under title: Rapport d’avancement : plan national de recherche du Canada sur la littératie financière 2016-2018.
500 |aCover title.
500 |a"April 2018."
500 |aIssued also in HTML format.
520 |a“This report describes the progress made in advancing financial literacy research in Canada since the release of the National Research Plan on Financial Literacy 2016-2018"--P. 2.
693 4|aFinancial literacy
693 4|aResearch
7102 |aFinancial Consumer Agency of Canada.
77508|tRapport d’avancement |w(CaOODSP)9.856063
85640|qPDF|s1.53 MB|uhttps://publications.gc.ca/collections/collection_2018/acfc-fcac/FC5-50-2018-eng.pdf
8564 |qHTML|sN/A|uhttps://www.canada.ca/en/financial-consumer-agency/programs/research/progress-report-national-research-plan-2016-2018.html